| 000 | 00721nam a2200241Ia 4500 | ||
|---|---|---|---|
| 003 | GCL | ||
| 008 | 140319s9999 xx 000 0 ara d | ||
| 040 |
_aGCL / _cGCL |
||
| 082 | 0 | 4 |
_a153.42 _bهـ ق |
| 100 | 1 | _aهمفريز، تونى | |
| 245 | 1 | 0 |
_aقوة التفكير السلبى / _cهمفريز، تونى |
| 700 | 1 | _aمحمد ايوب | |
| 250 | _aالاولى | ||
| 260 |
_aسوريا : _bدار الرضا للنشر ، _c2002 |
||
| 300 |
_a177 ص ؛ _c24 سم |
||
| 650 | 0 | 4 | _aالتفكير |
| 650 | 0 | 4 | _aالذكاء |
| 650 | 0 | 4 | _aالادراك |
| 650 | 0 | 4 | _aالقدرة العقلية |
| 650 | 0 | 4 | _aالتفكير السلبى |
| 650 | 0 | 4 | _aالتفكير الايجابى |
| 942 |
_2ddc _cBK |
||
| 999 |
_c9965 _d9965 |
||